Statistics for G15沈海高速公路途经的地级和县级行政区 - 地图版

Click here to take the quiz!

General Stats

  • This quiz has been taken 15 times
  • The average score is 114 of 171

Answers on the Map

Answers color-coded by a green-red scale on the quiz's map according to % correct below.
 

Answer Stats

县级行政区% Correct
常熟市
93%
太仓市
93%
潮州市
93%
宁波市
86%
金山区
86%
汕头市
86%
漳州市
86%
泉州市
86%
莆田市
86%
福州市
86%
宁德市
86%
温州市
86%
台州市
86%
海口市
86%
东台市
86%
南通市
86%
盐城市
86%
连云港市
86%
青岛市
86%
烟台市
86%
大连市
86%
营口市
86%
鞍山市
86%
辽阳市
86%
沈阳市
86%
雷州市
86%
苏州市
86%
厦门市
86%
揭阳市
86%
佛山市
86%
汕尾市
86%
惠州市
86%
黄岛区
86%
广州市
86%
东莞市
86%
江门市
86%
阳江市
86%
茂名市
86%
辽阳县
86%
湛江市
86%
日照市
79%
福清市
79%
嘉兴市
79%
灌南县
79%
深圳市
79%
南海区
79%
胶州市
79%
灌云县
79%
龙华区
79%
松江区
79%
闵行区
79%
如皋市
79%
赣榆区
79%
青浦区
79%
鲅鱼圈区
71%
东海县
71%
大丰区
71%
亭湖区
71%
晋江市
71%
翔安区
71%
慈溪市
71%
闽侯县
71%
同安区
71%
集美区
71%
射阳县
71%
滨海县
71%
电白区
71%
潮阳区
71%
花都区
71%
白云区
71%
黄埔区
71%
宝安区
71%
海州区
71%
通州区
71%
长乐区
71%
嘉定区
71%
莱西市
71%
瓦房店市
71%
乐清市
71%
福鼎市
71%
温岭市
71%
金州区
71%
旅顺口区
71%
黄岩区
64%
岚山区
64%
鄞州区
64%
龙岗区
64%
平度市
64%
响水县
64%
临海市
64%
海安市
64%
福安市
64%
徐闻县
64%
漳浦县
64%
崇川区
64%
海沧区
64%
海盐县
64%
鹿城区
64%
芝罘区
64%
灯塔市
64%
苍南县
64%
甘井子区
64%
化州市
57%
茂南区
57%
三水区
57%
增城区
57%
吴川市
57%
苏家屯区
57%
南安市
57%
平阳县
57%
丰泽区
57%
洛江区
57%
惠阳区
57%
仙游县
57%
马尾区
57%
连江县
57%
罗源县
57%
蕉城区
57%
霞浦县
57%
瑞安市
57%
诏安县
57%
瓯海区
57%
三门县
57%
宁海县
57%
奉化区
57%
平湖市
57%
东港区
57%
莱阳市
57%
福山区
57%
海城市
57%
云霄县
57%
泉港区
57%
惠东县
57%
海丰县
57%
陆丰市
57%
麻章区
50%
阳东区
50%
铁西区
50%
盖州市
50%
城区
50%
栖霞市
50%
惠来县
50%
海曙区
50%
潮南区
50%
龙湾区
50%
开平市
50%
恩平市
50%
新会区
50%
江城区
50%
荔城区
50%
龙海区
50%
惠安县
50%
阳西县
50%
城厢区
50%
坪山区
50%
涵江区
43%
濠江区
43%
江北区
43%
鹤山市
43%
澄海区
43%
饶平县
43%
遂溪县
43%
坡头区
43%
老边区
43%
大石桥市
43%
龙湖区
43%
秀英区
43%
太子河区
43%
湘桥区
43%
廉江市
36%
千山区
36%

Score Distribution

Percentile by Number Answered

Percent of People with Each Score

Your Score History

You have not taken this quiz